| 000 | 01076nam a2200289Ia 4500 | ||
|---|---|---|---|
| 003 | OSt | ||
| 005 | 20221007123426.0 | ||
| 006 | a|||||r|||| 00| 0 | ||
| 007 | ta | ||
| 008 | 221006b |||||||| |||| 00| 0 eng d | ||
| 020 |
_a9971512505 (pbk) _c _ 15.00 |
||
| 024 | _a11014 | ||
| 037 |
_bMonika, _cTextual |
||
| 040 |
_aPAPL _cPAPL _beng |
||
| 041 |
_2eng _aeng |
||
| 082 | _aCM65, K2;N9;2 | ||
| 100 |
_aJackson John David _9423771 |
||
| 245 | 0 | _aClassical electrodynamics by John David Jackson | |
| 250 | _aEd 3 | ||
| 260 |
_aNew _bYork John Wiley Sons, Inc. _c1999 |
||
| 300 |
_axxi, 808p _ccm. |
||
| 500 | _aIncludes bibliographical references; Appendix 775-784p; Bibliography 785-790p; Index 791-808p; ^n23/CSL/CARPA/2003-2004/969^d2003-11-10^mPurchase; ; 2003-04/508^b2003-11-24^c505^d2003-11-17^eRs.7,403.00^fMonika Book Distributors; ; 2003-12-18^bSB^c2003-12-18^dVinay | ||
| 650 |
_a Electromagnetic theory _9713678 |
||
| 650 | _aPhysics | ||
| 942 |
_hCM65, K2;N9;2 _cTEXL _2CC |
||
| 999 |
_c1211854 _d1211854 |
||